[Event "-chT Youth Countries 2019"]
[Site "Wuerzburg"]
[Date "2019.10.02"]
[Round "2.8"]
[White "Sereda, Yaroslava"]
[Black "Visvikis, Kassandra"]
[Result "1/2-1/2"]
[WhiteElo "1687"]
[BlackElo "1531"]
[Annotator "NA"]
[PlyCount "152"]
[EventDate "2019.10.02"]
[EventType "team-tourn"]
[EventRounds "7"]
[EventCountry "GER"]
[SourceTitle "playchess.com"]
[Source "ChessBase"]
[SourceQuality "1"]
[WhiteTeam "Nordrhein-Westfalen"]
[BlackTeam "Baden 1"]
[TimeControl "40/5400+30:1800+30"]

1. e4 {[%emt 0:00:00]} e5 {[%emt 0:00:00]} 2. Nf3 {[%emt 0:00:00]} Nc6 {[%emt 0:00:00]} 3. Bb5 {[%emt 0:00:00]} a6 {[%emt 0:00:00]} 4. Ba4 {[%emt 0:00:00]} Nf6 {[%emt 0:00:00]} 5. d4 {[%emt 0:00:16]} exd4 {[%emt 0:00:32]} 6. O-O {[%emt 0:00:08]} Be7 {[%emt 0:01:22]} 7. Re1 {[%emt 0:00:13]} d6 {[%emt 0:00:25]} 8. Nxd4 {[%emt 0:01:55]} Bd7 {[%emt 0:00:09]} 9. Nxc6 {[%emt 0:24:35]} bxc6 {[%emt 0:00:30]} 10. c4 {[%emt 0:00:30]} O-O {[%emt 0:00:30]} 11. Nc3 {[%emt 0:00:30]} h6 {[%emt 0:00:30]} 12. h3 {[%emt 0:00:30]} Qc8 {[%emt 0:00:30]} 13. Bf4 {[%emt 0:13:20]} Nh7 {[%emt 0:16:19]} 14. e5 {[%emt 0:12:31]} dxe5 {[%emt 0:00:39]} 15. Bxe5 {[%emt 0:00:18]} Bf6 {[%emt 0:00:51]} 16. Bxf6 {[%emt 0:09:28]} Nxf6 {[%emt 0:00:09]} 17. Qf3 {[%emt 0:01:09]} Qb7 {[%emt 0:07:45]} 18. b3 {[%emt 0:09:47]} Qb6 {[%emt 0:08:20]} 19. Rad1 {[%emt 0:01:49]} Rfe8 {[%emt 0:06:54]} 20. Ne4 {[%emt 0:07:22]} Rxe4 {[%emt 0:04:14]} 21. Rxe4 {[%emt 0:00:17]} Nxe4 {[%emt 0:00:07]} 22. Rxd7 {[%emt 0:02:30]} Nf6 {[%emt 0:01:21]} 23. Rd1 {[%emt 0:01:28]} Rb8 {[%emt 0:08:55]} 24. Qxc6 {[%emt 0:01:55]} Qa5 {[%emt 0:03:01]} 25. g3 {[%emt 0:03:34]} Qh5 {[%emt 0:04:04]} 26. Rd4 {[%emt 0:02:57]} Qxh3 {[%emt 0:02:13]} 27. Qxc7 {[%emt 0:01:12]} Rc8 {[%emt 0:02:00]} 28. Qf4 {[%emt 0:00:27]} Qe6 {[%emt 0:00:58]} 29. Kg2 {[%emt 0:02:09]} Qe2 {[%emt 0:07:08]} 30. Rd2 {[%emt 0:01:22]} Qe6 {[%emt 0:00:15]} 31. Rd6 {[%emt 0:00:41]} Qe7 {[%emt 0:00:24]} 32. Rb6 {[%emt 0:01:53]} Rd8 {[%emt 0:01:27]} 33. Qf3 {[%emt 0:00:57]} a5 {[%emt 0:00:57]} 34. Rb5 {[%emt 0:00:40]} Ne4 {[%emt 0:00:56]} 35. Rd5 {[%emt 0:00:29]} Rxd5 {[%emt 0:02:19]} 36. cxd5 {[%emt 0:00:05]} Nd6 {[%emt 0:00:32]} 37. Bc6 {[%emt 0:00:42]} Qe5 {[%emt 0:00:55]} 38. Qd3 {[%emt 0:00:44]} h5 {[%emt 0:00:57]} 39. Qd2 {[%emt 0:00:24]} Qe4+ {[%emt 0:01:18]} 40. Kh2 {[%emt 0:00:21]} h4 {[%emt 0:00:15]} 41. Qg5 {[%emt 0:25:34]} hxg3+ {[%emt 0:00:22]} 42. Qxg3 {[%emt 0:01:11]} Nf5 {[%emt 0:00:54]} 43. f3 {[%emt 0:04:15]} Qe2+ {[%emt 0:02:49]} 44. Qg2 {[%emt 0:00:10]} Qe5+ {[%emt 0:00:30]} 45. Kh3 {[%emt 0:01:20]} Ne3 {[%emt 0:01:35]} 46. Qe2 {[%emt 0:00:36]} Qh5+ {[%emt 0:01:08]} 47. Kg3 {[%emt 0:00:24]} Nxd5 {[%emt 0:01:47]} 48. Qe8+ {[%emt 0:00:35]} Kh7 {[%emt 0:00:05]} 49. Qe4+ {[%emt 0:00:27]} g6 {[%emt 0:00:57]} 50. Qxd5 {[%emt 0:00:16]} f5 {[%emt 0:00:21]} 51. Qf7+ {[%emt 0:00:14]} Kh6 {[%emt 0:00:12]} 52. Qf8+ {[%emt 0:00:32]} Kh7 {[%emt 0:00:16]} 53. Qe7+ {[%emt 0:00:21]} Kh6 {[%emt 0:00:08]} 54. Qe3+ {[%emt 0:00:25]} Kh7 {[%emt 0:00:11]} 55. Bd5 {[%emt 0:00:22]} f4+ {[%emt 0:00:13]} 56. Qxf4 {[%emt 0:00:23]} Qxd5 {[%emt 0:00:09]} 57. Qc7+ {[%emt 0:00:23]} Kh6 {[%emt 0:00:15]} 58. Qc1+ {[%emt 0:01:08]} Kh7 {[%emt 0:00:06]} 59. Qc7+ {[%emt 0:00:51]} Kh6 {[%emt 0:00:06]} 60. Qf4+ {[%emt 0:00:21]} Kh7 {[%emt 0:00:09]} 61. Qh4+ {[%emt 0:00:34]} Kg7 {[%emt 0:00:14]} 62. Qe7+ {[%emt 0:00:47]} Kh6 {[%emt 0:00:06]} 63. Qe3+ {[%emt 0:00:21]} Kg7 {[%emt 0:00:17]} 64. f4 {[%emt 0:00:27]} Qd8 {[%emt 0:02:23]} 65. Qe5+ {[%emt 0:00:17]} Kh6 {[%emt 0:00:44]} 66. Qe3 {[%emt 0:00:55]} Kg7 {[%emt 0:00:10]} 67. Qc3+ {[%emt 0:00:24]} Kh6 {[%emt 0:00:27]} 68. Qf3 {[%emt 0:00:41]} Kg7 {[%emt 0:00:24]} 69. Qb7+ {[%emt 0:00:14]} Kh6 {[%emt 0:00:17]} 70. Qe4 {[%emt 0:00:47]} Kg7 {[%emt 0:00:13]} 71. Kg4 {[%emt 0:00:30]} Qd1+ {[%emt 0:00:13]} 72. Qf3 {[%emt 0:00:30]} Qg1+ {[%emt 0:00:05]} 73. Kh3 {[%emt 0:00:16]} Qc5 {[%emt 0:00:39]} 74. Qb7+ {[%emt 0:00:38]} Kh6 {[%emt 0:00:07]} 75. Qe4 {[%emt 0:00:36]} Qc8+ {[%emt 0:00:52]} 76. Kh4 {[%emt 0:00:29]} Qd8+ {[%emt 0:01:46] normal} 1/2-1/2

[Event "-chT Youth Countries 2019"]
[Site "Wuerzburg"]
[Date "2019.10.02"]
[Round "2.8"]
[White "Roncea, Andrea-Alexandra"]
[Black "Prinzen, Siri Marleen"]
[Result "1-0"]
[WhiteElo "1590"]
[BlackElo "1520"]
[Annotator "NA"]
[PlyCount "111"]
[EventDate "2019.10.02"]
[EventType "team-tourn"]
[EventRounds "7"]
[EventCountry "GER"]
[SourceTitle "playchess.com"]
[Source "ChessBase"]
[SourceQuality "1"]
[WhiteTeam "Niedersachsen"]
[BlackTeam "Bayern 1"]
[TimeControl "40/5400+30:1800+30"]

1. e4 {[%emt 0:00:00]} c6 {[%emt 0:00:00]} 2. d4 {[%emt 0:00:00]} d5 {[%emt 0:00:00]} 3. exd5 {[%emt 0:00:00]} cxd5 {[%emt 0:00:00]} 4. Bd3 {[%emt 0:00:00]} Nc6 {[%emt 0:00:02]} 5. c3 {[%emt 0:00:00]} Nf6 {[%emt 0:00:07]} 6. Bf4 {[%emt 0:00:12]} Bg4 {[%emt 0:00:36]} 7. Qb3 {[%emt 0:00:08]} Qd7 {[%emt 0:00:11]} 8. Nd2 {[%emt 0:00:25]} e6 {[%emt 0:00:30]} 9. Ngf3 {[%emt 0:00:17]} Bxf3 {[%emt 0:02:43]} 10. Nxf3 {[%emt 0:03:05]} Bd6 {[%emt 0:03:40]} 11. Bxd6 {[%emt 0:01:30]} Qxd6 {[%emt 0:00:07]} 12. O-O {[%emt 0:01:17]} O-O {[%emt 0:00:11]} 13. Rae1 {[%emt 0:01:20]} Qc7 {[%emt 0:08:14]} 14. Ne5 {[%emt 0:03:14]} Nxe5 {[%emt 0:00:32]} 15. dxe5 {[%emt 0:01:33]} Nd7 {[%emt 0:01:38]} 16. f4 {[%emt 0:04:32]} Qb6+ {[%emt 0:05:11]} 17. Qxb6 {[%emt 0:04:14]} Nxb6 {[%emt 0:00:11]} 18. Rd1 {[%emt 0:02:34]} Rac8 {[%emt 0:01:18]} 19. Rf2 {[%emt 0:13:57]} f5 {[%emt 0:05:57]} 20. g3 {[%emt 0:02:47]} Nc4 {[%emt 0:01:25]} 21. Bxc4 {[%emt 0:06:21]} Rxc4 {[%emt 0:00:07]} 22. Rfd2 {[%emt 0:02:45]} Rfc8 {[%emt 0:01:54]} 23. Rd4 {[%emt 0:00:23]} Kf8 {[%emt 0:01:29]} 24. Kf2 {[%emt 0:01:01]} Ke7 {[%emt 0:01:16]} 25. Ke3 {[%emt 0:02:07]} Kd7 {[%emt 0:01:18]} 26. Rxc4 {[%emt 0:06:15]} Rxc4 {[%emt 0:00:11]} 27. Rg1 {[%emt 0:00:49]} g6 {[%emt 0:05:02]} 28. g4 {[%emt 0:02:18]} b6 {[%emt 0:02:14]} 29. gxf5 {[%emt 0:00:48]} exf5 {[%emt 0:00:21]} 30. Rd1 {[%emt 0:01:46]} Ke6 {[%emt 0:00:26]} 31. h4 {[%emt 0:01:07]} Rc7 {[%emt 0:06:51]} 32. Rg1 {[%emt 0:04:44]} Re7 {[%emt 0:05:03]} 33. Kd4 {[%emt 0:04:09]} Rc7 {[%emt 0:01:43]} 34. Rg5 {[%emt 0:01:59]} Rc4+ {[%emt 0:02:09]} 35. Ke3 {[%emt 0:00:17]} Rc8 {[%emt 0:00:17]} 36. h5 {[%emt 0:00:34]} Rg8 {[%emt 0:01:12]} 37. Kd4 {[%emt 0:00:33]} Rg7 {[%emt 0:01:02]} 38. hxg6 {[%emt 0:03:31]} Rxg6 {[%emt 0:02:24]} 39. Rh5 {[%emt 0:00:27]} h6 {[%emt 0:00:13]} 40. a3 {[%emt 0:00:42]} a6 {[%emt 0:01:27]} 41. b3 {[%emt 0:31:50]} a5 {[%emt 0:33:17]} 42. a4 {[%emt 0:02:25]} Ke7 {[%emt 0:02:18]} 43. Rxf5 {[%emt 0:03:19]} Ke6 {[%emt 0:00:50]} 44. Rh5 {[%emt 0:00:28]} Ke7 {[%emt 0:00:50]} 45. Kxd5 {[%emt 0:00:25]} Rg8 {[%emt 0:00:30]} 46. Rxh6 {[%emt 0:00:35]} Rd8+ {[%emt 0:00:22]} 47. Rd6 {[%emt 0:00:32]} Rxd6+ {[%emt 0:00:50]} 48. exd6+ {[%emt 0:00:08]} Kd7 {[%emt 0:00:13]} 49. f5 {[%emt 0:00:06]} b5 {[%emt 0:00:41]} 50. axb5 {[%emt 0:00:07]} a4 {[%emt 0:00:08]} 51. bxa4 {[%emt 0:00:05]} Kc8 {[%emt 0:00:12]} 52. Kc6 {[%emt 0:00:11]} Kb8 {[%emt 0:00:11]} 53. d7 {[%emt 0:00:16]} Ka7 {[%emt 0:00:06]} 54. b6+ {[%emt 0:00:10]} Ka6 {[%emt 0:00:11]} 55. d8=Q {[%emt 0:00:14]} Ka5 56. Qa8# {normal} 1-0

[Event "-chT Youth Countries 2019"]
[Site "Wuerzburg"]
[Date "2019.10.02"]
[Round "2.8"]
[White "von Beckh, Frieda"]
[Black "Haubold, Christian Lucas"]
[Result "0-1"]
[WhiteElo "1541"]
[BlackElo "1430"]
[Annotator "NA"]
[PlyCount "86"]
[EventDate "2019.10.02"]
[EventType "team-tourn"]
[EventRounds "7"]
[EventCountry "GER"]
[SourceTitle "playchess.com"]
[Source "ChessBase"]
[SourceQuality "1"]
[WhiteTeam "Hessen"]
[BlackTeam "Sachsen-Anhalt"]
[TimeControl "40/5400+30:1800+30"]

1. e4 {[%emt 0:00:00]} e5 {[%emt 0:00:00]} 2. Nf3 {[%emt 0:00:00]} Nc6 {[%emt 0:00:00]} 3. d4 {[%emt 0:00:00]} exd4 {[%emt 0:00:00]} 4. Bc4 {[%emt 0:00:09]} Bc5 {[%emt 0:00:06]} 5. Ng5 {[%emt 0:00:30]} Nh6 {[%emt 0:00:20]} 6. Nxf7 {[%emt 0:01:42]} Nxf7 {[%emt 0:00:11]} 7. Bxf7+ {[%emt 0:00:17]} Kxf7 {[%emt 0:00:09]} 8. Qh5+ {[%emt 0:00:11]} g6 {[%emt 0:00:23]} 9. Qxc5 {[%emt 0:00:13]} d5 {[%emt 0:00:15]} 10. Qxd5+ {[%emt 0:02:18]} Qxd5 {[%emt 0:00:12]} 11. exd5 {[%emt 0:00:10]} Nb4 {[%emt 0:00:48]} 12. Na3 {[%emt 0:02:01]} Nxd5 {[%emt 0:00:16]} 13. O-O {[%emt 0:00:57]} Bf5 {[%emt 0:02:59]} 14. Bf4 {[%emt 0:01:28]} Nxf4 {[%emt 0:01:42]} 15. Rfe1 {[%emt 0:00:51]} a6 {[%emt 0:04:23]} 16. Rad1 {[%emt 0:03:51]} Rhe8 {[%emt 0:02:05]} 17. h3 {[%emt 0:06:22]} Rxe1+ {[%emt 0:00:47]} 18. Rxe1 {[%emt 0:00:17]} Re8 {[%emt 0:00:26]} 19. Rd1 {[%emt 0:01:30]} b5 {[%emt 0:00:44]} 20. c4 {[%emt 0:03:51]} dxc3 {[%emt 0:02:08]} 21. bxc3 {[%emt 0:01:29]} Ne2+ {[%emt 0:00:38]} 22. Kf1 {[%emt 0:01:28]} Nxc3 {[%emt 0:00:12]} 23. Rd2 {[%emt 0:01:11]} Ke7 {[%emt 0:02:34]} 24. Nc2 {[%emt 0:03:49]} Bxc2 {[%emt 0:04:00]} 25. Rxc2 {[%emt 0:00:23]} b4 {[%emt 0:00:43]} 26. a3 {[%emt 0:01:10]} Rd8 {[%emt 0:00:30]} 27. g3 {[%emt 0:01:19]} Rd1+ {[%emt 0:02:21]} 28. Kg2 {[%emt 0:00:22]} c5 {[%emt 0:01:31]} 29. f4 {[%emt 0:03:07]} bxa3 {[%emt 0:02:24]} 30. Rxc3 {[%emt 0:01:57]} a2 {[%emt 0:00:05]} 31. Ra3 {[%emt 0:00:10]} a1=Q {[%emt 0:00:07]} 32. Rxa1 {[%emt 0:00:06]} Rxa1 {[%emt 0:00:08]} 33. Kf3 {[%emt 0:00:06]} Rd1 {[%emt 0:00:16]} 34. Ke4 {[%emt 0:00:19]} c4 {[%emt 0:00:08]} 35. f5 {[%emt 0:00:32]} gxf5+ {[%emt 0:00:17]} 36. Kxf5 {[%emt 0:00:12]} c3 {[%emt 0:00:07]} 37. g4 {[%emt 0:00:20]} c2 {[%emt 0:00:06]} 38. g5 {[%emt 0:00:09]} c1=Q {[%emt 0:00:08]} 39. g6 {[%emt 0:00:04]} Qc5+ {[%emt 0:00:14]} 40. Kf4 {[%emt 0:00:24]} Rd4+ {[%emt 0:00:07]} 41. Kf3 {[%emt 0:30:22]} Qc3+ {[%emt 0:30:09]} 42. Kf2 {[%emt 0:00:05]} Rd2+ {[%emt 0:00:07]} 43. Kf1 {[%emt 0:00:06]} Qc1# {[%emt 0:00:04] normal} 0-1

[Event "-chT Youth Countries 2019"]
[Site "Wuerzburg"]
[Date "2019.10.02"]
[Round "2.8"]
[White "Haug, Mara"]
[Black "Heinze, Sofie"]
[Result "1-0"]
[WhiteElo "1508"]
[BlackElo "1207"]
[Annotator "NA"]
[PlyCount "54"]
[EventDate "2019.10.02"]
[EventType "team-tourn"]
[EventRounds "7"]
[EventCountry "GER"]
[SourceTitle "playchess.com"]
[Source "ChessBase"]
[SourceQuality "1"]
[WhiteTeam "Baden 2"]
[BlackTeam "SG Brandenburg / Berlin"]
[TimeControl "40/5400+30:1800+30"]

1. e4 {[%emt 0:00:00]} e5 {[%emt 0:00:00]} 2. Nf3 {[%emt 0:00:00]} Nc6 {[%emt 0:00:00]} 3. Bc4 {[%emt 0:00:01]} Bc5 {[%emt 0:00:37]} 4. O-O {[%emt 0:00:08]} Nf6 {[%emt 0:00:45]} 5. d4 {[%emt 0:01:01]} Bxd4 {[%emt 0:02:22]} 6. Nxd4 {[%emt 0:00:08]} Nxd4 {[%emt 0:00:17]} 7. f4 {[%emt 0:00:17]} d6 {[%emt 0:00:35]} 8. fxe5 {[%emt 0:00:08]} dxe5 {[%emt 0:00:14]} 9. Bg5 {[%emt 0:00:09]} Qd6 {[%emt 0:01:05]} 10. Bxf6 {[%emt 0:01:19]} gxf6 {[%emt 0:00:25]} 11. c3 {[%emt 0:03:35]} Ne6 {[%emt 0:00:59]} 12. Qxd6 {[%emt 0:01:26]} cxd6 {[%emt 0:00:16]} 13. Rxf6 {[%emt 0:00:55]} Ke7 {[%emt 0:01:10]} 14. Rf2 {[%emt 0:03:22]} f6 {[%emt 0:00:47]} 15. Nd2 {[%emt 0:03:21]} Rg8 {[%emt 0:01:36]} 16. Raf1 {[%emt 0:03:23]} Rg6 {[%emt 0:00:52]} 17. Nf3 {[%emt 0:02:02]} Nf4 {[%emt 0:00:56]} 18. Kh1 {[%emt 0:11:54]} Be6 {[%emt 0:01:11]} 19. Bxe6 {[%emt 0:03:27]} Kxe6 {[%emt 0:00:19]} 20. Rd1 {[%emt 0:06:28]} Rag8 {[%emt 0:01:42]} 21. Nh4 {[%emt 0:08:19]} Rg4 {[%emt 0:01:35]} 22. g3 {[%emt 0:01:55]} Nh3 {[%emt 0:02:22]} 23. Rfd2 {[%emt 0:05:04]} Ke7 {[%emt 0:02:10]} 24. Nf5+ {[%emt 0:00:45]} Ke6 {[%emt 0:02:09]} 25. Nh6 {[%emt 0:01:00]} Rxg3 {[%emt 0:10:15]} 26. hxg3 {[%emt 0:01:18]} Rxg3 {[%emt 0:00:39]} 27. Rxd6+ {[%emt 0:00:23]} Ke7 {[%emt 0:00:49] normal} 1-0

[Event "-chT Youth Countries 2019"]
[Site "Wuerzburg"]
[Date "2019.10.02"]
[Round "2.8"]
[White "Ulrich, Helena Irene"]
[Black "Vianden, Ella"]
[Result "1-0"]
[WhiteElo "1355"]
[BlackElo "1306"]
[Annotator "NA"]
[PlyCount "57"]
[EventDate "2019.10.02"]
[EventType "team-tourn"]
[EventRounds "7"]
[EventCountry "GER"]
[SourceTitle "playchess.com"]
[Source "ChessBase"]
[SourceQuality "1"]
[WhiteTeam "Thueringen"]
[BlackTeam "SG Bremen / Niedersachsen"]
[TimeControl "40/5400+30:1800+30"]

1. e4 {[%emt 0:00:00]} e5 {[%emt 0:00:00]} 2. Nf3 {[%emt 0:00:00]} Nc6 {[%emt 0:00:00]} 3. d4 {[%emt 0:00:05]} exd4 {[%emt 0:00:00]} 4. Nxd4 {[%emt 0:00:08]} Bc5 {[%emt 0:00:00]} 5. Be3 {[%emt 0:00:09]} Qf6 {[%emt 0:00:11]} 6. c3 {[%emt 0:00:06]} Nge7 {[%emt 0:00:36]} 7. Bc4 {[%emt 0:00:21]} O-O {[%emt 0:00:53]} 8. O-O {[%emt 0:00:22]} Ne5 {[%emt 0:07:44]} 9. Be2 {[%emt 0:02:18]} d6 {[%emt 0:09:45]} 10. Nd2 {[%emt 0:10:39]} Bd7 {[%emt 0:08:29]} 11. N2b3 {[%emt 0:15:32]} Bb6 {[%emt 0:07:14]} 12. Re1 {[%emt 0:10:45]} Qg6 {[%emt 0:17:20]} 13. Nd2 {[%emt 0:04:01]} Bh3 {[%emt 0:13:17]} 14. g3 {[%emt 0:05:05]} f5 {[%emt 0:12:09]} 15. exf5 {[%emt 0:02:07]} Bxf5 {[%emt 0:03:47]} 16. Nxf5 {[%emt 0:02:39]} Qxf5 {[%emt 0:01:57]} 17. Bxb6 {[%emt 0:01:18]} axb6 {[%emt 0:00:53]} 18. f4 {[%emt 0:02:03]} Nd7 {[%emt 0:04:39]} 19. Bg4 {[%emt 0:02:17]} Qc5+ {[%emt 0:01:32]} 20. Kh1 {[%emt 0:02:04]} Qc6+ {[%emt 0:03:08]} 21. Bf3 {[%emt 0:00:32]} d5 {[%emt 0:02:19]} 22. Rxe7 {[%emt 0:01:31]} Rae8 {[%emt 0:01:38]} 23. Qe2 {[%emt 0:03:40]} Rxe7 {[%emt 0:01:53]} 24. Qxe7 {[%emt 0:00:06]} Qd6 {[%emt 0:00:42]} 25. Qxd6 {[%emt 0:00:21]} cxd6 {[%emt 0:00:08]} 26. Bxd5+ {[%emt 0:00:07]} Kh8 {[%emt 0:00:06]} 27. Re1 {[%emt 0:00:07]} Nc5 {[%emt 0:00:25]} 28. Re7 {[%emt 0:00:47]} Rb8 {[%emt 0:02:35]} 29. Nc4 {[%emt 0:00:33] normal} 1-0

[Event "-chT Youth Countries 2019"]
[Site "Wuerzburg"]
[Date "2019.10.02"]
[Round "2.8"]
[White "Richter, Johanna"]
[Black "Braeutigam, Katerina"]
[Result "0-1"]
[WhiteElo "942"]
[BlackElo "1630"]
[Annotator "NA"]
[PlyCount "112"]
[EventDate "2019.10.02"]
[EventType "team-tourn"]
[EventRounds "7"]
[EventCountry "GER"]
[SourceTitle "playchess.com"]
[Source "ChessBase"]
[SourceQuality "1"]
[WhiteTeam "Rheinland-Pfalz"]
[BlackTeam "Schleswig-Holstein"]
[TimeControl "40/5400+30:1800+30"]

1. d4 {[%emt 0:00:00]} Nf6 {[%emt 0:00:00]} 2. c4 {[%emt 0:00:00]} e6 {[%emt 0:00:00]} 3. Nf3 {[%emt 0:00:08]} b6 {[%emt 0:00:12]} 4. g3 {[%emt 0:00:17]} Bb7 {[%emt 0:00:48]} 5. Bg2 {[%emt 0:00:16]} Be7 {[%emt 0:00:48]} 6. O-O {[%emt 0:00:51]} O-O {[%emt 0:00:25]} 7. Nc3 {[%emt 0:01:11]} d5 {[%emt 0:03:17]} 8. cxd5 {[%emt 0:01:57]} Nxd5 {[%emt 0:00:34]} 9. Nxd5 {[%emt 0:02:06]} Bxd5 {[%emt 0:00:44]} 10. Bf4 {[%emt 0:01:55]} c5 {[%emt 0:01:26]} 11. e3 {[%emt 0:02:11]} Nc6 {[%emt 0:08:00]} 12. b3 {[%emt 0:03:55]} h6 {[%emt 0:07:50]} 13. Qd3 {[%emt 0:01:27]} Nb4 {[%emt 0:04:44]} 14. Qb1 {[%emt 0:03:34]} Bc6 {[%emt 0:05:29]} 15. a3 {[%emt 0:02:30]} Nd5 {[%emt 0:03:58]} 16. dxc5 {[%emt 0:07:42]} Nxf4 {[%emt 0:15:32]} 17. exf4 {[%emt 0:06:40]} Bxc5 {[%emt 0:01:17]} 18. Rd1 {[%emt 0:05:33]} Qe7 {[%emt 0:05:41]} 19. b4 {[%emt 0:03:32]} Bd6 {[%emt 0:01:04]} 20. Qd3 {[%emt 0:05:02]} Rfd8 {[%emt 0:02:47]} 21. Qc2 {[%emt 0:05:09]} Rac8 {[%emt 0:02:24]} 22. Qb1 {[%emt 0:07:16]} Rc7 {[%emt 0:09:53]} 23. Ra2 {[%emt 0:05:34]} Rdc8 {[%emt 0:03:56]} 24. Rad2 {[%emt 0:02:08]} Rd7 {[%emt 0:07:34]} 25. Qc1 {[%emt 0:04:34]} Qf8 {[%emt 0:04:18]} 26. Qb1 {[%emt 0:03:27]} Ba4 {[%emt 0:03:34]} 27. Rc1 {[%emt 0:00:57]} Rxc1+ {[%emt 0:04:38]} 28. Qxc1 {[%emt 0:00:47]} Rc7 {[%emt 0:00:03]} 29. Qb1 {[%emt 0:01:07]} Qc8 {[%emt 0:01:15]} 30. Bf1 {[%emt 0:02:41]} Rc1 {[%emt 0:01:29]} 31. Qd3 {[%emt 0:01:59]} Be7 {[%emt 0:00:45]} 32. Kg2 {[%emt 0:01:09]} Rc3 {[%emt 0:00:20]} 33. Qa6 {[%emt 0:01:22]} Qxa6 {[%emt 0:00:57]} 34. Bxa6 {[%emt 0:00:09]} Bc6 {[%emt 0:00:12]} 35. Be2 {[%emt 0:00:54]} Rxa3 {[%emt 0:00:24]} 36. Rc2 {[%emt 0:00:21]} Bxf3+ {[%emt 0:00:59]} 37. Bxf3 Bxb4 {[%emt 0:00:22]} 38. Rc8+ {[%emt 0:00:12]} Kh7 {[%emt 0:00:11]} 39. Be4+ {[%emt 0:00:28]} g6 {[%emt 0:00:16]} 40. Rc7 {[%emt 0:00:34]} Kg7 {[%emt 0:00:28]} 41. g4 {[%emt 0:30:34]} Bd6 {[%emt 0:30:10]} 42. Rc6 {[%emt 0:01:06]} Bxf4 {[%emt 0:00:19]} 43. f3 {[%emt 0:01:14]} Ra2+ {[%emt 0:01:41]} 44. Rc2 {[%emt 0:00:56]} Rxc2+ {[%emt 0:00:00]} 45. Bxc2 {[%emt 0:00:00]} b5 {[%emt 0:00:00]} 46. h4 {[%emt 0:00:00]} Kf6 {[%emt 0:00:00]} 47. Kf2 {[%emt 0:00:00]} Ke5 {[%emt 0:00:00]} 48. Ke2 {[%emt 0:00:00]} Kd4 {[%emt 0:00:00]} 49. Bd3 {[%emt 0:00:00]} b4 {[%emt 0:00:00]} 50. Bb1 {[%emt 0:00:00]} b3 {[%emt 0:00:00]} 51. Kd1 {[%emt 0:00:00]} a5 {[%emt 0:00:00]} 52. Ke2 {[%emt 0:00:00]} a4 {[%emt 0:00:00]} 53. Kd1 {[%emt 0:00:00]} a3 {[%emt 0:00:00]} 54. Bc2 {[%emt 0:00:00]} a2 {[%emt 0:00:00]} 55. Bxb3 {[%emt 0:00:00]} a1=Q+ {[%emt 0:00:00]} 56. Kc2 {[%emt 0:00:00]} Qc1# {[%emt 0:00:00] normal} 0-1

[Event "-chT Youth Countries 2019"]
[Site "Wuerzburg"]
[Date "2019.10.03"]
[Round "3"]
[White "Woerz, Ann-Sophie"]
[Black "Henninger, Claire"]
[Result "0-1"]
[WhiteElo "1500"]
[BlackElo "1471"]
[Annotator "NA"]
[PlyCount "97"]
[EventDate "2019.10.02"]
[EventType "team-tourn"]
[EventRounds "7"]
[EventCountry "GER"]
[SourceTitle "playchess.com"]
[Source "ChessBase"]
[SourceQuality "1"]
[WhiteTeam "Württemberg"]
[BlackTeam "Baden 2"]
[TimeControl "40/5400+30:1800+30"]

1. e4 {[%emt 0:00:00]} d6 {[%emt 0:00:00]} 2. Bc4 {[%emt 0:00:14]} Nf6 {[%emt 0:00:00]} 3. d3 {[%emt 0:00:54]} c6 {[%emt 0:00:24]} 4. Bb3 {[%emt 0:04:27]} e5 {[%emt 0:01:26]} 5. Nf3 {[%emt 0:05:18]} Nbd7 {[%emt 0:01:55]} 6. Be3 {[%emt 0:02:59]} Be7 {[%emt 0:08:24]} 7. h3 {[%emt 0:05:06]} b6 {[%emt 0:05:11]} 8. Nbd2 {[%emt 0:03:51]} Bb7 {[%emt 0:03:24]} 9. c3 {[%emt 0:04:38]} Qc7 {[%emt 0:04:43]} 10. Qc2 {[%emt 0:02:37]} d5 {[%emt 0:07:15]} 11. d4 {[%emt 0:08:17]} dxe4 {[%emt 0:03:52]} 12. Nxe4 {[%emt 0:00:36]} Nxe4 {[%emt 0:00:57]} 13. Qxe4 {[%emt 0:00:22]} c5 {[%emt 0:01:08]} 14. d5 {[%emt 0:12:08]} O-O {[%emt 0:06:28]} 15. Rd1 {[%emt 0:11:09]} Bd6 {[%emt 0:05:17]} 16. Ng5 {[%emt 0:05:09]} Nf6 {[%emt 0:03:10]} 17. Qf5 {[%emt 0:01:47]} Bc8 {[%emt 0:06:40]} 18. Qd3 {[%emt 0:01:26]} h6 {[%emt 0:00:30]} 19. Ne4 {[%emt 0:05:36]} Nxe4 {[%emt 0:00:50]} 20. Qxe4 {[%emt 0:00:05]} f5 {[%emt 0:01:14]} 21. Qc4 {[%emt 0:05:30]} Rb8 {[%emt 0:04:50]} 22. a4 {[%emt 0:01:31]} a6 {[%emt 0:00:51]} 23. Qe2 {[%emt 0:00:38]} b5 {[%emt 0:02:12]} 24. axb5 {[%emt 0:01:23]} axb5 {[%emt 0:01:30]} 25. c4 {[%emt 0:01:26]} bxc4 {[%emt 0:03:19]} 26. Bxc4 {[%emt 0:00:33]} Bd7 {[%emt 0:03:11]} 27. f3 {[%emt 0:02:25]} e4 {[%emt 0:02:23]} 28. fxe4 {[%emt 0:00:37]} Bg3+ {[%emt 0:00:46]} 29. Bf2 {[%emt 0:02:51]} Qa5+ {[%emt 0:01:32]} 30. Qd2 {[%emt 0:01:07]} Bxf2+ {[%emt 0:04:44]} 31. Kxf2 {[%emt 0:00:37]} fxe4+ {[%emt 0:01:18]} 32. Ke3 {[%emt 0:00:40]} Qb4 {[%emt 0:04:58]} 33. Qxb4 {[%emt 0:00:22]} Rxb4 {[%emt 0:00:22]} 34. b3 {[%emt 0:00:57]} Re8 {[%emt 0:01:22]} 35. Rhf1 {[%emt 0:00:37]} Re5 {[%emt 0:02:10]} 36. d6+ {[%emt 0:02:48]} Kh7 {[%emt 0:02:17]} 37. Rf7 {[%emt 0:01:23]} Rb7 {[%emt 0:03:49]} 38. Bd5 {[%emt 0:00:51]} Kg6 {[%emt 0:03:17]} 39. Re7 {[%emt 0:01:12]} Rxe7 {[%emt 0:01:17]} 40. dxe7 {[%emt 0:00:09]} Rb8 {[%emt 0:00:09]} 41. Bxe4+ {[%emt 0:30:50]} Kf7 {[%emt 0:03:38]} 42. Rxd7 {[%emt 0:00:00]} Rxb3+ {[%emt 0:01:31]} 43. Kf4 {[%emt 0:00:00]} Rb6 {[%emt 0:05:42]} 44. Rc7 {[%emt 0:00:00]} Rf6+ {[%emt 0:02:12]} 45. Kg3 {[%emt 0:00:00]} c4 {[%emt 0:06:21]} 46. Bd5+ {[%emt 0:00:00]} Ke8 {[%emt 0:00:08]} 47. Bc6+ {[%emt 0:00:00]} Rxc6 {[%emt 0:00:14]} 48. Rxc6 {[%emt 0:00:00]} Kxe7 49. Rxc4 {[%emt 0:00:00]} 0-1